00500nam a2200181Ia 4500082001700000245005900017260003200076300001000108650001100118650003400129650002300163650002600186650002500212650002500237650001800262700002100280700001700301 a304.608 POP; 0aPopulation in history: essays in historical demography aLondonbEdward Arnoldc1965 a692p. aEssays aPopulation - Economic aspects aPopulation density aHistorical demography aPopulation geography aPopulation - History aSocial change aEversley, D.E.C. aGlass, D.V.